<?xml version="1.0" encoding="UTF-8"?>
<record
    xmlns:xsi="http://www.w3.org/2001/XMLSchema-instance"
    xsi:schemaLocation="http://www.loc.gov/MARC21/slim http://www.loc.gov/standards/marcxml/schema/MARC21slim.xsd"
    xmlns="http://www.loc.gov/MARC21/slim">

  <leader>01670    a2200289   4500</leader>
  <controlfield tag="005">20081104093419.0</controlfield>
  <controlfield tag="008">080805t        xxu||||| |||| 00| 0 eng d</controlfield>
  <datafield tag="010" ind1=" " ind2=" ">
    <subfield code="a">HIN-78761       B-296032</subfield>
  </datafield>
  <datafield tag="020" ind1=" " ind2=" ">
    <subfield code="a">813040320x</subfield>
    <subfield code="c">125.00</subfield>
  </datafield>
  <datafield tag="035" ind1=" " ind2=" ">
    <subfield code="a">B-209803         B296032</subfield>
  </datafield>
  <datafield tag="037" ind1=" " ind2=" ">
    <subfield code="b">D.B.Act / ven</subfield>
  </datafield>
  <datafield tag="082" ind1=" " ind2=" ">
    <subfield code="a">&#x915;</subfield>
  </datafield>
  <datafield tag="245" ind1=" " ind2=" ">
    <subfield code="a">&#x926;&#x93E;&#x926;&#x93E; &#x926;&#x93E;&#x926;&#x940; &#x915;&#x940; 200 &#x92E;&#x928;&#x94B;&#x930;&#x902;&#x91C;&#x915; &#x915;&#x939;&#x93E;&#x928;&#x93F;&#x92F;&#x93E;&#x901;</subfield>
    <subfield code="c">&#x938;&#x902;&#x92A;&#x93E;&#x926;&#x915; &#x936;&#x94D;&#x92F;&#x93E;&#x92E; &#x926;&#x941;&#x906;</subfield>
  </datafield>
  <datafield tag="260" ind1=" " ind2=" ">
    <subfield code="a">&#x926;&#x93F;&#x932;&#x94D;&#x932;&#x940;</subfield>
    <subfield code="b">&#x91F;&#x93F;&#x928;&#x940; &#x91F;&#x93E;&#x901;&#x91F; &#x92A;&#x92C;&#x94D;&#x932;&#x93F;&#x915;&#x947;&#x936;&#x928;&#x94D;&#x938;</subfield>
    <subfield code="c">2006</subfield>
  </datafield>
  <datafield tag="260" ind1=" " ind2=" ">
    <subfield code="a">&#x926;&#x93F;&#x932;&#x94D;&#x932;&#x940; (&#x935;&#x93F;&#x924;&#x930;&#x915;) &#x92F;&#x942;.&#x92C;&#x940;.&#x90F;&#x91A;.</subfield>
  </datafield>
  <datafield tag="270" ind1=" " ind2=" ">
    <subfield code="a">1376,&#x915;&#x936;&#x94D;&#x92E;&#x940;&#x930;&#x940; &#x917;&#x947;&#x91F;</subfield>
    <subfield code="b">&#x926;&#x93F;&#x932;&#x94D;&#x932;&#x940;</subfield>
    <subfield code="e">110006</subfield>
  </datafield>
  <datafield tag="270" ind1=" " ind2=" ">
    <subfield code="a">15-&#x92F;&#x942;.&#x92C;&#x940;.&#x92C;&#x948;&#x917;&#x94D;&#x932;&#x94B; &#x930;&#x94B;&#x921;, &#x91C;&#x935;&#x93E;&#x939;&#x930; &#x928;&#x917;&#x930;</subfield>
    <subfield code="b">&#x926;&#x93F;&#x932;&#x94D;&#x932;&#x940;</subfield>
    <subfield code="e">110007</subfield>
  </datafield>
  <datafield tag="300" ind1=" " ind2=" ">
    <subfield code="a">160&#x92A;&#x943;</subfield>
    <subfield code="b">&#x938;&#x91A;&#x93F;&#x924;&#x94D;&#x930;</subfield>
    <subfield code="c">24 &#x938;&#x947;&#x92E;&#x940; (&#x938;&#x91C;&#x93F;&#x932;&#x94D;&#x926;)</subfield>
  </datafield>
  <datafield tag="650" ind1=" " ind2=" ">
    <subfield code="a">&#x92C;&#x93E;&#x932; &#x915;&#x939;&#x93E;&#x928;&#x93F;&#x92F;&#x93E;&#x901;</subfield>
  </datafield>
  <datafield tag="650" ind1=" " ind2=" ">
    <subfield code="a">&#x915;&#x939;&#x93E;&#x928;&#x93F;&#x92F;&#x93E;&#x901;</subfield>
  </datafield>
  <datafield tag="650" ind1=" " ind2=" ">
    <subfield code="a">Children Storys</subfield>
  </datafield>
  <datafield tag="700" ind1=" " ind2=" ">
    <subfield code="a">&#x936;&#x94D;&#x92F;&#x93E;&#x92E; &#x926;&#x941;&#x906; &#x938;&#x902;&#x92A;&#x93E;&#x926;&#x915;</subfield>
  </datafield>
  <datafield tag="942" ind1=" " ind2=" ">
    <subfield code="a">dpl</subfield>
    <subfield code="c">CH</subfield>
    <subfield code="k">&#x915; / &#x926;&#x93E;&#x926;&#x93E;&#x926;&#x93E;</subfield>
    <subfield code="2">ddc</subfield>
    <subfield code="h">&#x915;</subfield>
    <subfield code="m">&#x926;&#x93E;&#x926;&#x93E;&#x926;&#x940;</subfield>
  </datafield>
  <datafield tag="999" ind1=" " ind2=" ">
    <subfield code="c">545</subfield>
    <subfield code="d">545</subfield>
  </datafield>
  <datafield tag="952" ind1=" " ind2=" ">
    <subfield code="0">0</subfield>
    <subfield code="1">0</subfield>
    <subfield code="4">0</subfield>
    <subfield code="7">0</subfield>
    <subfield code="a">JB</subfield>
    <subfield code="b">JB</subfield>
    <subfield code="d">2008-08-05</subfield>
    <subfield code="g">125.00</subfield>
    <subfield code="l">0</subfield>
    <subfield code="p">B-209803</subfield>
    <subfield code="r">2008-09-15 00:00:00</subfield>
    <subfield code="u">792</subfield>
    <subfield code="v">125.00</subfield>
    <subfield code="w">2008-09-15</subfield>
    <subfield code="y">CH</subfield>
  </datafield>
  <datafield tag="952" ind1=" " ind2=" ">
    <subfield code="0">0</subfield>
    <subfield code="1">0</subfield>
    <subfield code="2">ddc</subfield>
    <subfield code="4">0</subfield>
    <subfield code="7">0</subfield>
    <subfield code="8">FIC</subfield>
    <subfield code="a">VP</subfield>
    <subfield code="b">VP</subfield>
    <subfield code="d">2008-11-04</subfield>
    <subfield code="e">&#x92F;&#x942;.&#x92C;&#x940;.&#x90F;&#x91A;./178/19.9.08/131/15.8.08/30.9.08</subfield>
    <subfield code="g">125.00</subfield>
    <subfield code="l">16</subfield>
    <subfield code="m">5</subfield>
    <subfield code="o">&#x915; &#x926;&#x93E;&#x926;&#x93E;&#x926;&#x940;</subfield>
    <subfield code="p">B-296032</subfield>
    <subfield code="r">2010-02-16 00:00:00</subfield>
    <subfield code="s">2010-02-12</subfield>
    <subfield code="t">1</subfield>
    <subfield code="v">125.00</subfield>
    <subfield code="w">2008-11-04</subfield>
    <subfield code="y">CH</subfield>
  </datafield>
</record>
